| 000 | 01016nmc a2200361 a 4500 | ||
|---|---|---|---|
| 003 | AR-BaBNM | ||
| 005 | 20251128203535.0 | ||
| 008 | 011101s[s.f ||||||||||||||000 | spa|| | ||
| 040 | _cAR-BaBNM | ||
| 100 | 1 | _aCompayré, Gabriel | |
| 245 | 1 | 0 |
_aHerbert Spencer y la educación científica _b; Spencer y las buenas maneras |
| 250 | _a2ª ed. | ||
| 260 |
_aMadrid _bEspasa-Calpe _c[s.f.] |
||
| 300 | _a196 p. | ||
| 490 | 0 | _aCiencia y educación. Los educadores | |
| 504 | _aBibliografía: p. 191-192 | ||
| 600 | 0 | 4 | _aDarwin |
| 600 | 1 | 4 | _aHill, Stuart |
| 650 | 4 | _aCIENCIAS DE LA EDUCACION | |
| 650 | 4 | _aFILOSOFIA DE LA EDUCACION | |
| 650 | 4 | _aEDUCACION MORAL | |
| 650 | 4 | _aEDUCACION FISICA | |
| 650 | 4 | _aENSAYO | |
| 650 | 4 | _aDESARROLLO INTELECTUAL | |
| 650 | 4 | _aFORMACION CIENTIFICA | |
| 653 | _aPEDAGOGOS | ||
| 700 | 1 | _aGiner, Francisco | |
| 700 | 1 |
_aBarnés, Domingo _etraductor |
|
| 700 | 1 | _aSpencer, Herbert | |
| 740 | 0 | _aSpencer y las buenas maneras | |
| 942 | _cBK | ||
| 998 | _cGrace | ||
| 999 |
_c3855 _d3855 |
||